Kumarasuran/ (Record no. 181913)

000 -LEADER
fixed length control field 00464nam a22001817a 4500
020 ## - INTERNATIONAL STANDARD BOOK NUMBER
ISBN 9789357326094
082 ## - DEWEY DECIMAL CLASSIFICATION NUMBER
Classification number M3(ITr.)
Item number MUR/K
100 ## - MAIN ENTRY--AUTHOR NAME
Personal name Murugan Perumal
245 ## - TITLE STATEMENT
Title Kumarasuran/
Statement of responsibility, etc by Murugan Perumal
260 ## - PUBLICATION, DISTRIBUTION, ETC. (IMPRINT)
Place of publication Kottayam:
Name of publisher D C Books,
Year of publication 2025.
300 ## - PHYSICAL DESCRIPTION
Number of Pages 365p.
650 ## - SUBJECT ADDED ENTRY--TOPICAL TERM
Topical Term Translation of Tamil Novel
650 ## - SUBJECT ADDED ENTRY--TOPICAL TERM
Topical Term Novel Malayalam
650 ## - SUBJECT ADDED ENTRY--TOPICAL TERM
Topical Term Literature Malayalam
650 ## - SUBJECT ADDED ENTRY--TOPICAL TERM
Topical Term Literature
700 ## - ADDED ENTRY--PERSONAL NAME
Personal name Baburaj Kalamboor(tr.)
942 ## - ADDED ENTRY ELEMENTS (KOHA)
Koha item type Book
Holdings
Withdrawn status Lost status Damaged status Not for loan Permanent Location Current Location Shelving location Date acquired Cost, normal purchase price Full call number Accession Number Price effective from Koha item type
        Sree Sankaracharya University of Sanskrit Sree Sankaracharya University of Sanskrit Stacks 01.06.2026 420.00 M3(ITr.) MUR/K 109074 01.06.2026 Book